[Event "April 9 Early 2024"]
[Site "Chess.com"]
[Date "2024.04.09"]
[Round "2"]
[White "Marina Kaydanovich"]
[Black "Kotlyar, Kirill"]
[Result "1-0"]
[Board "135"]
[WhiteFideId "4134877"]
[BlackFideId "24145599"]
[WhiteTitle "WIM"]
[BlackTitle "FM"]
[WhiteElo "2231"]
[BlackElo "2672"]
[WhiteTeam "RUS"]
[BlackTeam "RUS"]
[WhiteClock "0:01:24"]
[BlackClock "0:00:07"]
[Variant "Standard"]

1. d4 {[%clk 0:02:56]}  Nf6 {[%clk 0:02:59]} 2. c4 {[%clk 0:02:55]}  g6 {[%clk 0:02:58]} 3. Nc3 {[%clk 0:02:52]}  d5 {[%clk 0:02:58]} 4. Nf3 {[%clk 0:02:51]}  Bg7 {[%clk 0:02:58]} 5. cxd5 {[%clk 0:02:49]}  Nxd5 {[%clk 0:02:57]} 6. Bd2 {[%clk 0:02:49]}  O-O {[%clk 0:02:56]} 7. Rc1 {[%clk 0:02:47]}  c5 {[%clk 0:02:13]} 8. e3 {[%clk 0:02:43]}  Nc6 {[%clk 0:02:04]} 9. Nxd5 {[%clk 0:02:39]}  Qxd5 {[%clk 0:02:04]} 10. Rxc5 {[%clk 0:02:36]}  Qxa2 {[%clk 0:02:04]} 11. Qc1 {[%clk 0:02:33]}  Bd7 {[%clk 0:01:56]} 12. Bc4 {[%clk 0:02:29]}  Qa4 {[%clk 0:01:51]} 13. O-O {[%clk 0:02:30]}  b6 {[%clk 0:01:21]} 14. Bb5 {[%clk 0:02:29]}  Qa2 {[%clk 0:01:16]} 15. Bxc6 {[%clk 0:02:27]}  bxc5 {[%clk 0:01:15]} 16. Bxd7 {[%clk 0:02:23]}  cxd4 {[%clk 0:01:15]} 17. Nxd4 {[%clk 0:02:21]}  Rfd8 {[%clk 0:01:14]} 18. Bg4 {[%clk 0:02:17]}  f5 {[%clk 0:01:10]} 19. Bf3 {[%clk 0:02:14]}  Rac8 {[%clk 0:01:10]} 20. Nc6 {[%clk 0:02:11]}  Kf8 {[%clk 0:00:41]} 21. Qe1 {[%clk 0:02:02]}  Rd6 {[%clk 0:00:39]} 22. Nd4 {[%clk 0:02:01]}  Qxb2 {[%clk 0:00:34]} 23. g4 {[%clk 0:01:57]}  f4 {[%clk 0:00:33]} 24. h4 {[%clk 0:01:51]}  a5 {[%clk 0:00:19]} 25. Bxa5 {[%clk 0:01:47]}  fxe3 {[%clk 0:00:19]} 26. fxe3 {[%clk 0:01:45]}  Bxd4 {[%clk 0:00:20]} 27. exd4 {[%clk 0:01:41]}  Qxd4+ {[%clk 0:00:21]} 28. Kh1 {[%clk 0:01:37]}  Kg7 {[%clk 0:00:21]} 29. Qxe7+ {[%clk 0:01:28]}  Kh8 {[%clk 0:00:17]} 30. Bg2 {[%clk 0:01:26]}  Ra6 {[%clk 0:00:08]} 31. Rf8+ {[%clk 0:01:23]}  Rxf8 {[%clk 0:00:07]} 32. Qxf8# {[%clk 0:01:24]} 1-0

[Event "April 9 Early 2024"]
[Site "Chess.com"]
[Date "2024.04.09"]
[Round "2"]
[White "Perez Gormaz, Matias"]
[Black "Subramanian, Anusha"]
[Result "1-0"]
[Board "136"]
[WhiteFideId "3406342"]
[BlackFideId "477710"]
[WhiteTitle "IM"]
[BlackTitle "WCM"]
[WhiteElo "2669"]
[BlackElo "2209"]
[WhiteTeam "CHI"]
[BlackTeam "ENG"]
[WhiteClock "0:00:18"]
[BlackClock "0:00:00"]
[Variant "Standard"]

1. Nf3 {[%clk 0:03:00]}  d5 {[%clk 0:02:59]} 2. g3 {[%clk 0:03:00]}  c5 {[%clk 0:02:58]} 3. Bg2 {[%clk 0:02:59]}  Nc6 {[%clk 0:02:59]} 4. d4 {[%clk 0:02:48]}  cxd4 {[%clk 0:02:57]} 5. Nxd4 {[%clk 0:02:49]}  e5 {[%clk 0:02:57]} 6. Nxc6 {[%clk 0:02:49]}  bxc6 {[%clk 0:02:58]} 7. c4 {[%clk 0:02:50]}  Nf6 {[%clk 0:02:56]} 8. O-O {[%clk 0:02:49]}  Be7 {[%clk 0:02:51]} 9. Bg5 {[%clk 0:02:44]}  Be6 {[%clk 0:02:42]} 10. Nc3 {[%clk 0:02:35]}  O-O {[%clk 0:02:21]} 11. Bxf6 {[%clk 0:02:34]}  Bxf6 {[%clk 0:02:20]} 12. cxd5 {[%clk 0:02:34]}  cxd5 {[%clk 0:02:19]} 13. Bxd5 {[%clk 0:02:29]}  Bxd5 {[%clk 0:02:18]} 14. Nxd5 {[%clk 0:02:27]}  Rb8 {[%clk 0:02:18]} 15. Rb1 {[%clk 0:02:22]}  e4 {[%clk 0:02:17]} 16. b3 {[%clk 0:02:18]}  Be5 {[%clk 0:02:04]} 17. Qd2 {[%clk 0:02:15]}  Rb5 {[%clk 0:02:00]} 18. Rfd1 {[%clk 0:02:15]}  Qb8 {[%clk 0:01:39]} 19. Rbc1 {[%clk 0:02:05]}  h5 {[%clk 0:01:28]} 20. Qg5 {[%clk 0:01:32]}  g6 {[%clk 0:01:04]} 21. Qe3 {[%clk 0:01:13]}  h4 {[%clk 0:01:01]} 22. Qxe4 {[%clk 0:01:10]}  hxg3 {[%clk 0:00:59]} 23. hxg3 {[%clk 0:01:11]}  Rd8 {[%clk 0:00:39]} 24. Kg2 {[%clk 0:00:58]}  Bg7 {[%clk 0:00:20]} 25. Ne7+ {[%clk 0:00:49]}  Kf8 {[%clk 0:00:11]} 26. Nc6 {[%clk 0:00:49]}  Rxd1 {[%clk 0:00:09]} 27. Rxd1 {[%clk 0:00:46]}  Qc7 {[%clk 0:00:03]} 28. Rd8+ {[%clk 0:00:43]}  Qxd8 {[%clk 0:00:04]} 29. Nxd8 {[%clk 0:00:44]}  Re5 {[%clk 0:00:05]} 30. Qb7 {[%clk 0:00:39]}  Re7 {[%clk 0:00:03]} 31. Qc8 {[%clk 0:00:38]}  Re8 {[%clk 0:00:03]} 32. Qd7 {[%clk 0:00:34]}  Re7 {[%clk 0:00:04]} 33. Qd5 {[%clk 0:00:28]}  Bf6 {[%clk 0:00:02]} 34. e4 {[%clk 0:00:24]}  Kg7 {[%clk 0:00:02]} 35. f4 {[%clk 0:00:20]}  Rc7 {[%clk 0:00:00]} 36. Nc6 {[%clk 0:00:18]} 1-0

[Event "April 9 Early 2024"]
[Site "Chess.com"]
[Date "2024.04.09"]
[Round "2"]
[White "Wong, Yinn Long"]
[Black "Dilmukhametov, Artur"]
[Result "1-0"]
[Board "148"]
[WhiteFideId "5707684"]
[BlackFideId "24179922"]
[WhiteTitle "FM"]
[BlackTitle "FM"]
[WhiteElo "2794"]
[BlackElo "2404"]
[WhiteTeam "MAS"]
[BlackTeam "RUS"]
[WhiteClock "0:01:21"]
[BlackClock "0:00:05"]
[Variant "Standard"]

1. d4 {[%clk 0:03:00]}  Nf6 {[%clk 0:02:59]} 2. c4 {[%clk 0:02:59]}  g6 {[%clk 0:03:00]} 3. Nf3 {[%clk 0:02:57]}  d6 {[%clk 0:03:00]} 4. g3 {[%clk 0:02:57]}  Bg7 {[%clk 0:03:01]} 5. Bg2 {[%clk 0:02:58]}  Nc6 {[%clk 0:03:01]} 6. O-O {[%clk 0:02:58]}  O-O {[%clk 0:03:02]} 7. Nc3 {[%clk 0:02:58]}  a6 {[%clk 0:03:03]} 8. Bf4 {[%clk 0:02:58]}  Bd7 {[%clk 0:03:02]} 9. Rc1 {[%clk 0:02:57]}  Rb8 {[%clk 0:03:03]} 10. d5 {[%clk 0:02:48]}  Na5 {[%clk 0:02:59]} 11. Nd2 {[%clk 0:02:49]}  c5 {[%clk 0:02:57]} 12. a3 {[%clk 0:02:45]}  b5 {[%clk 0:02:28]} 13. cxb5 {[%clk 0:02:43]}  axb5 {[%clk 0:02:29]} 14. b4 {[%clk 0:02:40]}  Nb7 {[%clk 0:02:30]} 15. Nb3 {[%clk 0:02:38]}  Qb6 {[%clk 0:02:25]} 16. Qd2 {[%clk 0:02:22]}  Rfc8 {[%clk 0:02:24]} 17. e4 {[%clk 0:02:06]}  cxb4 {[%clk 0:01:48]} 18. axb4 {[%clk 0:02:07]}  Rc4 {[%clk 0:01:48]} 19. e5 {[%clk 0:02:03]}  Nh5 {[%clk 0:01:35]} 20. Be3 {[%clk 0:02:03]}  Qc7 {[%clk 0:01:28]} 21. exd6 {[%clk 0:01:56]}  exd6 {[%clk 0:01:19]} 22. Ne2 {[%clk 0:01:51]}  Rc8 {[%clk 0:01:16]} 23. Nbd4 {[%clk 0:01:43]}  Nf6 {[%clk 0:01:04]} 24. Nc6 {[%clk 0:01:38]}  Nxd5 {[%clk 0:00:53]} 25. Bxd5 {[%clk 0:01:29]}  Bxc6 {[%clk 0:00:41]} 26. Bxc4 {[%clk 0:01:29]}  bxc4 {[%clk 0:00:42]} 27. Rxc4 {[%clk 0:01:30]}  d5 {[%clk 0:00:40]} 28. Rcc1 {[%clk 0:01:26]}  Qd7 {[%clk 0:00:35]} 29. Nd4 {[%clk 0:01:22]}  Nd6 {[%clk 0:00:35]} 30. Nxc6 {[%clk 0:01:21]}  Rxc6 {[%clk 0:00:05]} 31. Qxd5 {[%clk 0:01:21]} 1-0

[Event "April 9 Early 2024"]
[Site "Chess.com"]
[Date "2024.04.09"]
[Round "2"]
[White "Evdokimov, Alexey"]
[Black "Gelman, Alexander"]
[Result "1/2-1/2"]
[Board "150"]
[WhiteFideId "24162450"]
[BlackFideId "4118316"]
[WhiteTitle "FM"]
[BlackTitle "IM"]
[WhiteElo "2322"]
[BlackElo "2674"]
[WhiteTeam "RUS"]
[BlackTeam "RUS"]
[WhiteClock "0:00:12"]
[BlackClock "0:00:03"]
[Variant "Standard"]

1. Nf3 {[%clk 0:03:00]}  c5 {[%clk 0:02:58]} 2. g3 {[%clk 0:03:01]}  e6 {[%clk 0:02:58]} 3. Bg2 {[%clk 0:02:59]}  Nf6 {[%clk 0:02:59]} 4. O-O {[%clk 0:03:00]}  Be7 {[%clk 0:02:59]} 5. c4 {[%clk 0:03:00]}  O-O {[%clk 0:03:00]} 6. b3 {[%clk 0:03:00]}  d6 {[%clk 0:03:00]} 7. Bb2 {[%clk 0:03:00]}  Nbd7 {[%clk 0:03:00]} 8. d4 {[%clk 0:03:01]}  cxd4 {[%clk 0:03:00]} 9. Qxd4 {[%clk 0:03:02]}  a6 {[%clk 0:03:01]} 10. Nc3 {[%clk 0:03:02]}  Qc7 {[%clk 0:02:59]} 11. Rac1 {[%clk 0:03:00]}  b6 {[%clk 0:02:54]} 12. e4 {[%clk 0:02:47]}  Bb7 {[%clk 0:02:54]} 13. Rfe1 {[%clk 0:02:46]}  Rac8 {[%clk 0:02:54]} 14. h3 {[%clk 0:02:44]}  Rfd8 {[%clk 0:02:51]} 15. Kh2 {[%clk 0:02:38]}  Qb8 {[%clk 0:02:51]} 16. Rcd1 {[%clk 0:02:30]}  h6 {[%clk 0:02:50]} 17. Nh4 {[%clk 0:02:25]}  Ba8 {[%clk 0:02:42]} 18. f4 {[%clk 0:02:25]}  b5 {[%clk 0:02:42]} 19. cxb5 {[%clk 0:02:23]}  axb5 {[%clk 0:02:42]} 20. a3 {[%clk 0:02:15]}  Nc5 {[%clk 0:02:23]} 21. b4 {[%clk 0:02:08]}  Ncd7 {[%clk 0:02:20]} 22. Qd3 {[%clk 0:01:58]}  Rc4 {[%clk 0:02:10]} 23. Nf3 {[%clk 0:01:58]}  d5 {[%clk 0:02:06]} 24. exd5 {[%clk 0:01:47]}  Nxd5 {[%clk 0:02:04]} 25. Nxd5 {[%clk 0:01:41]}  Bxd5 {[%clk 0:02:05]} 26. Nd2 {[%clk 0:01:41]}  Bxg2 {[%clk 0:01:58]} 27. Kxg2 {[%clk 0:01:34]}  Nf6 {[%clk 0:01:36]} 28. Qb3 {[%clk 0:01:34]}  Rcc8 {[%clk 0:01:27]} 29. Nf3 {[%clk 0:01:34]}  Rxd1 {[%clk 0:01:19]} 30. Rxd1 {[%clk 0:01:35]}  Qb7 {[%clk 0:01:15]} 31. Rd2 {[%clk 0:01:29]}  Ne4 {[%clk 0:01:08]} 32. Re2 {[%clk 0:01:28]}  Bf6 {[%clk 0:01:04]} 33. Bxf6 {[%clk 0:01:24]}  gxf6 {[%clk 0:01:04]} 34. Qd3 {[%clk 0:01:17]}  f5 {[%clk 0:01:01]} 35. Rc2 {[%clk 0:01:12]}  Ra8 {[%clk 0:00:48]} 36. Kh2 {[%clk 0:01:04]}  Qa7 {[%clk 0:00:46]} 37. Ra2 {[%clk 0:00:52]}  Rc8 {[%clk 0:00:44]} 38. Qxb5 {[%clk 0:00:47]}  Rc3 {[%clk 0:00:23]} 39. Qe2 {[%clk 0:00:47]}  Re3 {[%clk 0:00:16]} 40. Qg2 {[%clk 0:00:47]}  Rxa3 {[%clk 0:00:12]} 41. Rxa3 {[%clk 0:00:47]}  Qxa3 {[%clk 0:00:13]} 42. b5 {[%clk 0:00:46]}  Qb3 {[%clk 0:00:12]} 43. Qe2 {[%clk 0:00:45]}  Nc3 {[%clk 0:00:07]} 44. Qd3 {[%clk 0:00:44]}  Qb2+ {[%clk 0:00:07]} 45. Kh1 {[%clk 0:00:43]}  Nxb5 {[%clk 0:00:07]} 46. Ne5 {[%clk 0:00:41]}  Nd4 {[%clk 0:00:07]} 47. Qc4 {[%clk 0:00:29]}  Qb1+ {[%clk 0:00:06]} 48. Kg2 {[%clk 0:00:28]}  Qe4+ {[%clk 0:00:06]} 49. Kf2 {[%clk 0:00:27]}  Kg7 {[%clk 0:00:04]} 50. Qf1 {[%clk 0:00:16]}  h5 {[%clk 0:00:02]} 51. h4 {[%clk 0:00:14]}  Nc2 {[%clk 0:00:01]} 52. Qe2 {[%clk 0:00:13]}  Qd4+ {[%clk 0:00:01]} 53. Kg2 {[%clk 0:00:12]}  Ne3+ {[%clk 0:00:02]} 54. Kh2 {[%clk 0:00:12]}  Nd5 {[%clk 0:00:02]} 55. Qxh5 {[%clk 0:00:12]}  Qf2+ {[%clk 0:00:02]} 56. Kh3 {[%clk 0:00:12]}  Qf1+ {[%clk 0:00:02]} 57. Kh2 {[%clk 0:00:12]}  Qf2+ {[%clk 0:00:03]} 58. Kh3 {[%clk 0:00:12]}  Qf1+ {[%clk 0:00:03]} 59. Kh2 {[%clk 0:00:12]}  Qf2+ {[%clk 0:00:03]} 1/2-1/2

[Event "April 9 Early 2024"]
[Site "Chess.com"]
[Date "2024.04.09"]
[Round "2"]
[White "Sadovsky, Artem"]
[Black "Montano Vicente, Guadalupe"]
[Result "1-0"]
[Board "153"]
[WhiteFideId "4155840"]
[BlackFideId "5181399"]
[WhiteTitle "IM"]
[WhiteElo "2602"]
[BlackElo "2290"]
[WhiteTeam "FID"]
[BlackTeam "MEX"]
[WhiteClock "0:00:58"]
[BlackClock "0:00:00"]
[Variant "Standard"]

1. e4 {[%clk 0:02:42]}  c5 {[%clk 0:02:57]} 2. c3 {[%clk 0:02:39]}  Nf6 {[%clk 0:02:56]} 3. e5 {[%clk 0:02:39]}  Nd5 {[%clk 0:02:56]} 4. d4 {[%clk 0:02:39]}  cxd4 {[%clk 0:02:56]} 5. cxd4 {[%clk 0:02:40]}  d6 {[%clk 0:02:51]} 6. Bc4 {[%clk 0:02:40]}  Nb6 {[%clk 0:02:49]} 7. Bb3 {[%clk 0:02:36]}  dxe5 {[%clk 0:02:44]} 8. dxe5 {[%clk 0:02:36]}  Qxd1+ {[%clk 0:02:43]} 9. Kxd1 {[%clk 0:02:37]}  Nc6 {[%clk 0:02:42]} 10. f4 {[%clk 0:02:37]}  Bg4+ {[%clk 0:02:39]} 11. Ke1 {[%clk 0:02:37]}  Nd4 {[%clk 0:02:36]} 12. h3 {[%clk 0:02:34]}  Nxb3 {[%clk 0:02:26]} 13. axb3 {[%clk 0:02:35]}  Be6 {[%clk 0:02:17]} 14. Nd2 {[%clk 0:02:25]}  Bd5 {[%clk 0:02:15]} 15. Ngf3 {[%clk 0:02:24]}  e6 {[%clk 0:02:13]} 16. Kf2 {[%clk 0:02:15]}  Bc5+ {[%clk 0:02:12]} 17. Kg3 {[%clk 0:02:15]}  O-O {[%clk 0:02:10]} 18. Re1 {[%clk 0:02:15]}  Rfd8 {[%clk 0:02:07]} 19. Ne4 {[%clk 0:02:15]}  Bxe4 {[%clk 0:02:04]} 20. Rxe4 {[%clk 0:02:16]}  Rd3 {[%clk 0:02:00]} 21. b4 {[%clk 0:02:13]}  Be7 {[%clk 0:01:53]} 22. Be3 {[%clk 0:02:03]}  Nd5 {[%clk 0:01:52]} 23. Rxa7 {[%clk 0:01:59]}  Rxa7 {[%clk 0:01:51]} 24. Bxa7 {[%clk 0:02:00]}  Nxb4 {[%clk 0:01:39]} 25. Rc4 {[%clk 0:01:44]}  Nc6 {[%clk 0:01:21]} 26. Bc5 {[%clk 0:01:23]}  Bxc5 {[%clk 0:01:15]} 27. Rxc5 {[%clk 0:01:24]}  Rb3 {[%clk 0:01:07]} 28. Rc2 {[%clk 0:01:22]}  h6 {[%clk 0:01:02]} 29. Kg4 {[%clk 0:01:21]}  Kh7 {[%clk 0:00:25]} 30. h4 {[%clk 0:01:18]}  Rb4 {[%clk 0:00:22]} 31. h5 {[%clk 0:01:17]}  f6 {[%clk 0:00:17]} 32. exf6 {[%clk 0:01:15]}  gxf6 {[%clk 0:00:17]} 33. Rd2 {[%clk 0:01:16]}  e5 {[%clk 0:00:14]} 34. Rd7+ {[%clk 0:01:15]}  Kg8 {[%clk 0:00:13]} 35. Kf5 {[%clk 0:01:16]}  Rxf4+ {[%clk 0:00:12]} 36. Kg6 {[%clk 0:01:16]}  Rg4+ {[%clk 0:00:12]} 37. Kxf6 {[%clk 0:01:17]}  e4 {[%clk 0:00:10]} 38. Kf5 {[%clk 0:00:59]}  Rxg2 {[%clk 0:00:10]} 39. Kxe4 {[%clk 0:00:58]}  Re2+ {[%clk 0:00:08]} 40. Kf4 {[%clk 0:00:58]}  Rg2 {[%clk 0:00:06]} 41. Rxb7 {[%clk 0:00:57]}  Kf8 {[%clk 0:00:02]} 42. b4 {[%clk 0:00:57]}  Ne7 {[%clk 0:00:02]} 43. b5 {[%clk 0:00:57]}  Nd5+ {[%clk 0:00:00]} 44. Ke5 {[%clk 0:00:58]} 1-0

[Event "April 9 Early 2024"]
[Site "Chess.com"]
[Date "2024.04.09"]
[Round "2"]
[White "Vakhlamov, Igor L."]
[Black "Hernandez Jimenez, Jeronimo"]
[Result "1-0"]
[Board "162"]
[WhiteFideId "24126748"]
[BlackFideId "4452372"]
[WhiteTitle "FM"]
[BlackTitle "FM"]
[WhiteElo "2879"]
[BlackElo "2424"]
[WhiteTeam "RUS"]
[BlackTeam "COL"]
[WhiteClock "0:01:31"]
[BlackClock "0:00:38"]
[Variant "Standard"]

1. e4 {[%clk 0:02:58]}  e5 {[%clk 0:02:57]} 2. Nf3 {[%clk 0:02:59]}  Nc6 {[%clk 0:02:56]} 3. Nc3 {[%clk 0:02:59]}  Bc5 {[%clk 0:02:55]} 4. Nxe5 {[%clk 0:03:00]}  Nxe5 {[%clk 0:02:54]} 5. d4 {[%clk 0:03:00]}  Bd6 {[%clk 0:02:52]} 6. dxe5 {[%clk 0:03:01]}  Bxe5 {[%clk 0:02:53]} 7. Qd3 {[%clk 0:03:01]}  Nf6 {[%clk 0:02:52]} 8. Bd2 {[%clk 0:02:50]}  O-O {[%clk 0:02:51]} 9. O-O-O {[%clk 0:02:50]}  Ng4 {[%clk 0:02:41]} 10. Qe2 {[%clk 0:02:35]}  d6 {[%clk 0:02:27]} 11. f4 {[%clk 0:02:35]}  Bd4 {[%clk 0:02:24]} 12. Qc4 {[%clk 0:02:10]}  c5 {[%clk 0:01:57]} 13. Nd5 {[%clk 0:01:55]}  Be6 {[%clk 0:01:55]} 14. c3 {[%clk 0:01:53]}  b5 {[%clk 0:01:52]} 15. Qxb5 {[%clk 0:01:53]}  Bxd5 {[%clk 0:01:44]} 16. exd5 {[%clk 0:01:54]}  Be3 {[%clk 0:01:27]} 17. Bd3 {[%clk 0:01:47]}  Bxd2+ {[%clk 0:01:25]} 18. Rxd2 {[%clk 0:01:48]}  Qf6 {[%clk 0:01:25]} 19. g3 {[%clk 0:01:40]}  Rab8 {[%clk 0:01:23]} 20. Qd7 {[%clk 0:01:37]}  Ne3 {[%clk 0:01:16]} 21. Re1 {[%clk 0:01:36]}  Rfd8 {[%clk 0:01:01]} 22. Qh3 {[%clk 0:01:32]}  Rxb2 {[%clk 0:00:38]} 23. Qxh7+ {[%clk 0:01:31]} 1-0

[Event "April 9 Early 2024"]
[Site "Chess.com"]
[Date "2024.04.09"]
[Round "2"]
[White "Marn, Jan"]
[Black "Seo, Jung Min"]
[Result "0-1"]
[Board "163"]
[WhiteFideId "14619245"]
[BlackFideId "1734687"]
[WhiteTitle "FM"]
[BlackTitle "IM"]
[WhiteElo "2422"]
[BlackElo "2873"]
[WhiteTeam "SLO"]
[BlackTeam "SWE"]
[WhiteClock "0:00:03"]
[BlackClock "0:00:38"]
[Variant "Standard"]

1. f4 {[%clk 0:03:00]}  g6 {[%clk 0:02:59]} 2. Nf3 {[%clk 0:02:59]}  Bg7 {[%clk 0:02:59]} 3. g3 {[%clk 0:02:59]}  d5 {[%clk 0:02:59]} 4. Bg2 {[%clk 0:03:00]}  c5 {[%clk 0:02:59]} 5. O-O {[%clk 0:03:00]}  Nc6 {[%clk 0:03:00]} 6. d3 {[%clk 0:03:01]}  Nf6 {[%clk 0:02:58]} 7. c3 {[%clk 0:02:56]}  O-O {[%clk 0:02:59]} 8. Qe1 {[%clk 0:02:51]}  d4 {[%clk 0:02:59]} 9. Nbd2 {[%clk 0:02:43]}  Nd5 {[%clk 0:02:58]} 10. Nc4 {[%clk 0:02:41]}  dxc3 {[%clk 0:02:57]} 11. Nfe5 {[%clk 0:02:39]}  Nxe5 {[%clk 0:02:54]} 12. Nxe5 {[%clk 0:02:39]}  cxb2 {[%clk 0:02:54]} 13. Bxb2 {[%clk 0:02:39]}  Be6 {[%clk 0:02:51]} 14. Rc1 {[%clk 0:02:31]}  Rc8 {[%clk 0:02:51]} 15. Ba1 {[%clk 0:02:30]}  b6 {[%clk 0:02:51]} 16. a3 {[%clk 0:02:20]}  Nf6 {[%clk 0:02:46]} 17. e4 {[%clk 0:02:14]}  Nd7 {[%clk 0:02:37]} 18. Nxd7 {[%clk 0:02:08]}  Bxd7 {[%clk 0:02:37]} 19. Bxg7 {[%clk 0:02:06]}  Kxg7 {[%clk 0:02:37]} 20. f5 {[%clk 0:02:07]}  Bb5 {[%clk 0:02:34]} 21. e5 {[%clk 0:01:59]}  Qd4+ {[%clk 0:02:32]} 22. Kh1 {[%clk 0:01:58]}  f6 {[%clk 0:02:12]} 23. exf6+ {[%clk 0:01:52]}  exf6 {[%clk 0:02:12]} 24. Rf4 {[%clk 0:01:35]}  Qd7 {[%clk 0:02:09]} 25. Rd1 {[%clk 0:01:00]}  Rce8 {[%clk 0:02:06]} 26. Qc3 {[%clk 0:01:01]}  g5 {[%clk 0:02:03]} 27. Rf2 {[%clk 0:00:50]}  Bc6 {[%clk 0:02:02]} 28. d4 {[%clk 0:00:41]}  Bxg2+ {[%clk 0:02:02]} 29. Rxg2 {[%clk 0:00:42]}  Qd5 {[%clk 0:01:57]} 30. Kg1 {[%clk 0:00:26]}  Rd8 {[%clk 0:01:52]} 31. Rgd2 {[%clk 0:00:25]}  Qxf5 {[%clk 0:01:44]} 32. dxc5 {[%clk 0:00:25]}  Rxd2 {[%clk 0:01:39]} 33. Rxd2 {[%clk 0:00:25]}  Qxc5+ {[%clk 0:01:38]} 34. Qxc5 {[%clk 0:00:25]}  bxc5 {[%clk 0:01:38]} 35. Kf2 {[%clk 0:00:23]}  Rf7 {[%clk 0:01:33]} 36. Ke3 {[%clk 0:00:23]}  Re7+ {[%clk 0:01:32]} 37. Kf3 {[%clk 0:00:22]}  Kg6 {[%clk 0:01:27]} 38. Rd6 {[%clk 0:00:20]}  Rc7 {[%clk 0:01:27]} 39. Ke2 {[%clk 0:00:20]}  c4 {[%clk 0:01:26]} 40. Kd2 {[%clk 0:00:20]}  c3+ {[%clk 0:01:25]} 41. Kc2 {[%clk 0:00:21]}  h5 {[%clk 0:01:26]} 42. a4 {[%clk 0:00:18]}  Kf5 {[%clk 0:01:21]} 43. a5 {[%clk 0:00:18]}  Ke5 {[%clk 0:01:09]} 44. Ra6 {[%clk 0:00:11]}  f5 {[%clk 0:01:07]} 45. Rg6 {[%clk 0:00:11]}  g4 {[%clk 0:01:07]} 46. Rh6 {[%clk 0:00:11]}  Rc5 {[%clk 0:01:01]} 47. Rxh5 {[%clk 0:00:11]}  Rxa5 {[%clk 0:01:01]} 48. Kxc3 {[%clk 0:00:11]}  Ra2 {[%clk 0:00:58]} 49. Rh7 {[%clk 0:00:07]}  a5 {[%clk 0:00:57]} 50. Kb3 {[%clk 0:00:07]}  Rd2 {[%clk 0:00:56]} 51. Ka4 {[%clk 0:00:07]}  Rd5 {[%clk 0:00:56]} 52. Re7+ {[%clk 0:00:06]}  Kd4 {[%clk 0:00:56]} 53. Re2 {[%clk 0:00:06]}  Kd3 {[%clk 0:00:56]} 54. Ra2 {[%clk 0:00:06]}  Ke3 {[%clk 0:00:55]} 55. Rb2 {[%clk 0:00:06]}  Kf3 {[%clk 0:00:49]} 56. Rc2 {[%clk 0:00:04]}  Re5 {[%clk 0:00:49]} 57. Rc3+ {[%clk 0:00:02]}  Kf2 {[%clk 0:00:49]} 58. Rc2+ {[%clk 0:00:02]}  Kg1 {[%clk 0:00:49]} 59. Ra2 {[%clk 0:00:02]}  Kf1 {[%clk 0:00:48]} 60. Rb2 {[%clk 0:00:02]}  Re2 {[%clk 0:00:47]} 61. Rb5 {[%clk 0:00:02]}  Ra2+ {[%clk 0:00:45]} 62. Kb3 {[%clk 0:00:02]}  Rxh2 {[%clk 0:00:46]} 63. Rxf5+ {[%clk 0:00:03]}  Kg2 {[%clk 0:00:46]} 64. Rxa5 {[%clk 0:00:03]}  Kxg3 {[%clk 0:00:46]} 65. Kc3 {[%clk 0:00:04]}  Re2 {[%clk 0:00:45]} 66. Kd3 {[%clk 0:00:05]}  Re8 {[%clk 0:00:46]} 67. Rg5 {[%clk 0:00:04]}  Kf3 {[%clk 0:00:46]} 68. Rg7 {[%clk 0:00:05]}  g3 {[%clk 0:00:46]} 69. Rf7+ {[%clk 0:00:06]}  Kg2 {[%clk 0:00:46]} 70. Rg7 {[%clk 0:00:06]}  Kf2 {[%clk 0:00:46]} 71. Rf7+ {[%clk 0:00:07]}  Kg1 {[%clk 0:00:47]} 72. Rg7 {[%clk 0:00:07]}  g2 {[%clk 0:00:47]} 73. Rh7 {[%clk 0:00:06]}  Re5 {[%clk 0:00:42]} 74. Kd4 {[%clk 0:00:04]}  Re2 {[%clk 0:00:38]} 75. Kd3 {[%clk 0:00:04]}  Kf1 {[%clk 0:00:37]} 76. Rf7+ {[%clk 0:00:02]}  Rf2 {[%clk 0:00:37]} 77. Ra7 {[%clk 0:00:03]}  g1=Q {[%clk 0:00:37]} 78. Ra1+ {[%clk 0:00:03]}  Kg2 {[%clk 0:00:37]} 79. Rxg1+ {[%clk 0:00:03]}  Kxg1 {[%clk 0:00:38]} 0-1